000 00625nam a22002297a 4500
003 UA-OsUOA
001 92439
007 ta
008 20121217b un ||||| |||| 00| 0 ukr d
100 _aАпасов А.
090 _a821.161.1
_bА76
942 _cBK
040 _aUA-OsUOA
_brus
_cUA-OsUOA
_dUA-OsUOA
245 _aРазгуляй
_bлирическая хроника
300 _a383 с.
955 _a3
041 _arus
080 _a821.161.1
260 _aМ.
_bСоветский писатель
_c1987
650 7 _a82 Література. Літературознавство
_2UDC
999 _c378684
_d378684